INORGANIC CHEMISTRY (Record no. 20509)

MARC details
000 -LEADER
fixed length control field 00336nam a22001577a 4500
003 - CONTROL NUMBER IDENTIFIER
control field SGT
020 ## - INTERNATIONAL STANDARD BOOK NUMBER
International Standard Book Number 978-81-265-1414-4
082 ## - DEWEY DECIMAL CLASSIFICATION NUMBER
Classification number 615.19
Item number I20M
100 ## - MAIN ENTRY--PERSONAL NAME
Personal name MIESSLER,GARY L.
245 ## - TITLE STATEMENT
Title INORGANIC CHEMISTRY
250 ## - EDITION STATEMENT
Edition statement 3RD
260 ## - PUBLICATION, DISTRIBUTION, ETC. (IMPRINT)
Place of publication, distribution, etc NEW DELHI
Name of publisher, distributor, etc PEARSON
Year of Publication 2020
300 ## - PAGE DESCRIPTION
No. of Pages 740
650 ## - SUBJECT ADDED ENTRY--TOPICAL TERM
Topical term or geographic name as entry element PHARMACY
942 ## - ADDED ENTRY ELEMENTS (KOHA)
Source of classification or shelving scheme Dewey Decimal Classification
Koha item type Books
942 ## - ADDED ENTRY ELEMENTS (KOHA)
-- 5
Holdings
Withdrawn status Lost status Source of classification or shelving scheme Damaged status Not for loan Collection code Home library Current library Shelving location Date acquired Vendor Name Cost, normal purchase price SGTU Bill Number Total Checkouts Full call number Accession No. (Barcode) Date last seen Bill Date Koha item type Date last borrowed
    Dewey Decimal Classification     PHARMACY SGT FA-FP Library SGT FA-FP Library Text Book 28/09/2020 AHUJA PUB 919.00 SGTU 12085   615.19 I20M FP3691 28/09/2020 19/03/2020 Books  
    Dewey Decimal Classification     PHARMACY SGT FA-FP Library SGT FA-FP Library Text Book 28/09/2020 AHUJA PUB 919.00 SGTU 12085 3 615.19 I20M FP3692 24/08/2023 19/03/2020 Books 21/08/2023
    Dewey Decimal Classification     PHARMACY SGT FA-FP Library SGT FA-FP Library Text Book 28/09/2020 AHUJA PUB 919.00 SGTU 12085 2 615.19 I20M FP3693 23/12/2024 19/03/2020 Books 09/12/2024
    Dewey Decimal Classification     PHARMACY SGT FA-FP Library SGT FA-FP Library Text Book 28/09/2020 AHUJA PUB 919.00 SGTU 12085   615.19 I20M FP3694 28/09/2020 19/03/2020 Books  
    Dewey Decimal Classification     PHARMACY SGT FA-FP Library SGT FA-FP Library Text Book 28/09/2020 AHUJA PUB 919.00 SGTU 12085   615.19 I20M FP3695 28/09/2020 19/03/2020 Books